000 00265nam a22001217a 4500
040 _cHS
082 _a636
110 _aFARMING PRESS
245 _aCattle ailments recognition and treatment
260 _alondon
_bFARMING PRESS
_c1993
300 _a182p.
942 _cEK
999 _c8752
_d8752